01019cam a22002654a 450000100090000000300040000900500170001300800410003001000170007102000390008802000370012704000180016404200080018205000210019008200170021110000210022824500820024926000930033130000490042450001130047365000530058665000400063971000320067971000420071112383571OSt20170130143714.0010418s2001 nyua bc 000 0 eng  a 2001090089 a0870700391 (MOMA/T&H : alk. paper) a0810962225 (Abrams : alk. paper) aDLCcDLCdDLC apcc00aNA680b.K52 200100a720/.0282211 aKipnis, Jeffrey.10aPerfect acts of architecture /cby Jeffrey Kipnis ; preface by Terence Riley. aNew York :bMuseum of Modern Art ;aColumbus, Ohio : Wexner Center for the Arts,cc2001. a180 p. :bchiefly ill. (some col.) ;c27 cm. aWexner Center for the Arts, the Ohio State University, Columbus, Ohio, January 26-April 20, 2001 and others. 0aArchitecture, Moderny20th centuryvExhibitions. 0aArchitectural drawingvExhibitions.2 aWexner Center for the Arts.2 aMuseum of Modern Art (New York, N.Y.)